[Event "4NCL Division 2b"]
[Site "Northampton, ENG"]
[Date "2018.02.10"]
[Round "5.83"]
[White "Jaunooby, Ali R"]
[Black "Tandy, Chris"]
[Result "0-1"]
[WhiteElo "2177"]
[BlackElo "2136"]
[PlyCount "120"]
[EventDate "2018.02.10"]
[WhiteTeam "Manchester Manticores 1"]
[BlackTeam "Poisoned Pawns 1"]

1. d4 d5 2. Bf4 e6 3. e3 c5 4. c3 Nc6 5. Nf3 Nf6 6. Nbd2 Be7 7. h3 a6 8. Bd3 b6
9. Bh2 Bb7 10. a3 c4 11. Bc2 b5 12. Qb1 h6 13. Ne5 Nxe5 14. dxe5 Nd7 15. O-O
Nc5 16. Qd1 Qb6 17. Qg4 g6 18. Rad1 O-O-O 19. Nf3 h5 20. Qf4 Rdf8 21. Bg3 Qd8
22. e4 g5 23. Qe3 g4 24. hxg4 hxg4 25. Nh2 Rfg8 26. Qe2 Qf8 27. exd5 Bxd5 28.
Rxd5 exd5 29. Bf5+ Kb7 30. Bxg4 Ne4 31. Bf3 Nxg3 32. Qd1 Qd8 33. fxg3 Bc5+ 34.
Kh1 Kb6 35. Bg4 Rg6 36. Rxf7 Qg5 37. Bh3 Qxe5 38. g4 Qe4 39. Rf3 Re8 40. Nf1 d4
41. b4 cxb3 42. Qxb3 dxc3 43. Qxc3 Qd4 44. Qxd4 Bxd4 45. Kh2 a5 46. Kg3 Be5+
47. Kf2 Rf6 48. Rf5 Rxf5+ 49. gxf5 Rd8 50. Kf3 Bf6 51. Ne3 Kc5 52. Ng4 Bg5 53.
Ke4 b4 54. axb4+ axb4 55. Nf2 Rd4+ 56. Ke5 b3 57. f6 Bxf6+ 58. Ke6 Bh4 59. g3
Bxg3 60. Nh1 Be1 0-1

[Event "4NCL Division 2b"]
[Site "Northampton, ENG"]
[Date "2018.02.10"]
[Round "5.84"]
[White "Byway, Paul V"]
[Black "Jayawarna, Nugith"]
[Result "1/2-1/2"]
[WhiteElo "2062"]
[BlackElo "2110"]
[PlyCount "72"]
[EventDate "2018.02.10"]
[WhiteTeam "Poisoned Pawns 1"]
[BlackTeam "Manchester Manticores 1"]

1. Nf3 c5 2. c4 Nc6 3. e3 g6 4. Nc3 Bg7 5. d4 d6 6. d5 Ne5 7. Be2 Nxf3+ 8. Bxf3
Nf6 9. O-O O-O 10. e4 a6 11. a4 Qc7 12. Bg5 h6 13. Be3 Bd7 14. Qd2 Kh7 15. a5
Bg4 16. Be2 Bxe2 17. Qxe2 Rad8 18. h3 e6 19. Qc2 exd5 20. exd5 Nh5 21. Ne2 Rde8
22. Nf4 Nxf4 23. Bxf4 Re7 24. Bd2 Re2 25. Rae1 Rfe8 26. b3 f5 27. Qd3 Qe7 28.
Be3 Rxe1 29. Rxe1 Qf6 30. Bd2 Rxe1+ 31. Bxe1 Qa1 32. Kf1 Be5 33. Ke2 Qb2+ 34.
Kf3 Qc1 35. Ke2 Qb2+ 36. Kf3 Qc1 1/2-1/2

[Event "4NCL Division 2b"]
[Site "Northampton, ENG"]
[Date "2018.02.10"]
[Round "5.85"]
[White "Peacock, Malcolm R"]
[Black "Davison, Chris"]
[Result "1/2-1/2"]
[WhiteElo "2080"]
[BlackElo "2060"]
[PlyCount "63"]
[EventDate "2018.02.10"]
[WhiteTeam "Manchester Manticores 1"]
[BlackTeam "Poisoned Pawns 1"]

1. c4 e5 2. g3 Nf6 3. Bg2 c6 4. d4 exd4 5. Qxd4 d5 6. cxd5 cxd5 7. Nf3 Nc6 8.
Qa4 Bc5 9. O-O Ne4 10. Nc3 Nxc3 11. bxc3 O-O 12. Ba3 Qe7 13. Bxc5 Qxc5 14. Rac1
Re8 15. e3 Bf5 16. c4 dxc4 17. Rxc4 Qe7 18. Rfc1 Rac8 19. Rc5 Bd7 20. Qf4 Red8
21. h4 Be6 22. Ng5 Bxa2 23. Qa4 Be6 24. Bxc6 Rxc6 25. Rxc6 bxc6 26. Nxe6 Qxe6
27. Rxc6 Qd7 28. Qc4 h6 29. Rc7 Qd1+ 30. Kg2 Rd7 31. Rc8+ Rd8 32. Rc7 1/2-1/2

[Event "4NCL Division 2b"]
[Site "Northampton, ENG"]
[Date "2018.02.10"]
[Round "5.86"]
[White "Rosen, Daniel B"]
[Black "Mazek, Marek"]
[Result "1-0"]
[WhiteElo "2039"]
[BlackElo "2110"]
[PlyCount "87"]
[EventDate "2018.02.10"]
[WhiteTeam "Poisoned Pawns 1"]
[BlackTeam "Manchester Manticores 1"]

1. e4 c5 2. Nc3 a6 3. g3 Nc6 4. Bg2 g6 5. d3 Bg7 6. Be3 d6 7. Qd2 h6 8. Nge2 e5
9. O-O Nge7 10. f4 Nd4 11. h3 Rb8 12. Rae1 b5 13. fxe5 dxe5 14. Nd5 Nxd5 15.
exd5 O-O 16. Nxd4 exd4 17. Bxh6 Bxh6 18. Qxh6 Qd6 19. Rf4 Bg4 20. Rxg4 Rfe8 21.
Rge4 Rxe4 22. Rxe4 Qxg3 23. Qf4 Qxf4 24. Rxf4 Kg7 25. b4 Rc8 26. bxc5 Rxc5 27.
Rxd4 Kf8 28. Re4 Rxc2 29. d6 Rc8 30. Rh4 Kg7 31. d7 Rd8 32. Bc6 f5 33. Rf4 Kf6
34. Rf2 Ke5 35. Re2+ Kd6 36. Re8 Kc7 37. Kf2 g5 38. Kg3 f4+ 39. Kg4 b4 40. Ba4
a5 41. d4 b3 42. axb3 f3 43. Rxd8 Kxd8 44. Kxf3 1-0

[Event "4NCL Division 2b"]
[Site "Northampton, ENG"]
[Date "2018.02.10"]
[Round "5.87"]
[White "Hamer, Martyn"]
[Black "Kemp, Paul R"]
[Result "1-0"]
[WhiteElo "2102"]
[BlackElo "2048"]
[PlyCount "75"]
[EventDate "2018.02.10"]
[WhiteTeam "Manchester Manticores 1"]
[BlackTeam "Poisoned Pawns 1"]

1. Nf3 d5 2. d4 Nf6 3. c4 c6 4. Qc2 e6 5. g3 Nbd7 6. Bg2 Bd6 7. O-O O-O 8. b3
e5 9. dxe5 Nxe5 10. Bb2 Re8 11. Rd1 Qe7 12. cxd5 cxd5 13. Nc3 Be6 14. Rac1 Rac8
15. Qb1 a6 16. Nxe5 Bxe5 17. e3 Rcd8 18. Ne2 Bg4 19. Re1 Ne4 20. Bxe5 Qxe5 21.
Nd4 Qh5 22. Rc2 Ng5 23. h4 Nf3+ 24. Nxf3 Bxf3 25. Bxf3 Qxf3 26. Rd2 g5 27. hxg5
Qg4 28. Qd1 Qxg5 29. Rd4 Kh8 30. Qf3 Rg8 31. Red1 Qg6 32. Rxd5 Rxd5 33. Qxd5 h5
34. Kg2 Kg7 35. Qe5+ f6 36. Qe7+ Kh6 37. Rd6 Re8 38. Qxf6 1-0

[Event "4NCL Division 2b"]
[Site "Northampton, ENG"]
[Date "2018.02.10"]
[Round "5.88"]
[White "Bin-Suhayl, Ieysaa"]
[Black "Mulleady, Peter J"]
[Result "1-0"]
[WhiteElo "2008"]
[BlackElo "2087"]
[PlyCount "93"]
[EventDate "2018.02.10"]
[WhiteTeam "Poisoned Pawns 1"]
[BlackTeam "Manchester Manticores 1"]

1. Nf3 f5 2. c4 Nf6 3. g3 g6 4. Bg2 Bg7 5. O-O O-O 6. Nc3 d6 7. d4 c6 8. Qc2
Na6 9. a3 Nc7 10. e4 fxe4 11. Nxe4 Nxe4 12. Qxe4 Bf5 13. Qe2 Qd7 14. Bf4 Bg4
15. Rad1 Rae8 16. Qd3 Qc8 17. Rde1 Ne6 18. h3 Nxf4 19. gxf4 Bxh3 20. Nh4 Bxg2
21. Nxg2 Qf5 22. Qb3 Bxd4 23. Qxb7 Rf7 24. Qxc6 Rc8 25. Qb7 e5 26. Qd5 exf4 27.
Qxd4 f3 28. Ne3 Qg5+ 29. Qg4 Qxg4+ 30. Nxg4 Rf4 31. Nh2 Rc5 32. Re8+ Kf7 33.
Rfe1 Rg5+ 34. Kh1 Rxc4 35. R8e7+ Kf6 36. R1e6+ Kf5 37. Nxf3 Rh5+ 38. Kg2 Rg4+
39. Kf1 Rh1+ 40. Ke2 Rb1 41. Rxd6 Rxb2+ 42. Kd1 Ra4 43. Rf7+ Kg4 44. Ne5+ Kg5
45. f4+ Kh4 46. Rxh7+ Kg3 47. Rxg6+ 1-0